ՀՀ Գիտությունների ազգային ակադեմիայի հիմնարար գիտական գրադարան  =   Fundamental Scientific Library of NAS RA

Экспериментальная хирургия сердца : (Record no. 81517)

MARC details
000 -LEADER
fixed length control field 01045nam a2200229 u 4500
001 - CONTROL NUMBER
control field 000231281
003 - CONTROL NUMBER IDENTIFIER
control field AM-YeHGA
005 - DATE AND TIME OF LATEST TRANSACTION
control field 20250617124552.0
008 - FIXED-LENGTH DATA ELEMENTS--GENERAL INFORMATION
fixed length control field 030604s1979 ai r 000 0 rus d
040 ## - CATALOGING SOURCE
Original cataloging agency AM-YeHGA
090 ## - LOCALLY ASSIGNED LC-TYPE CALL NUMBER (OCLC); LOCAL CALL NUMBER (RLIN)
-- 82785
245 00 - TITLE STATEMENT
Title Экспериментальная хирургия сердца :
Remainder of title Сборник научных трудов /
Statement of responsibility, etc. [Редкол.: И.Ф. Матюшин (отв. ред.) [и др.]] ; МЗ РСФСР, Горьковский медицинский институт им. С. М. Кирова.
260 ## - PUBLICATION, DISTRIBUTION, ETC.
Place of publication, distribution, etc. Горький :
Name of publisher, distributor, etc. [Б. и.],
Date of publication, distribution, etc. 1979.
300 ## - PHYSICAL DESCRIPTION
Extent 116 с. :
Other physical details ил. ;
Dimensions 20 см.
504 ## - BIBLIOGRAPHY, ETC. NOTE
Bibliography, etc. note Библиогр. в конце ст.
650 14 - SUBJECT ADDED ENTRY--TOPICAL TERM
Topical term or geographic name entry element Сердце
650 14 - SUBJECT ADDED ENTRY--TOPICAL TERM
Topical term or geographic name entry element Хирургия
650 14 - SUBJECT ADDED ENTRY--TOPICAL TERM
Topical term or geographic name entry element Научные исследования
700 1# - ADDED ENTRY--PERSONAL NAME
Personal name Матюшин, И.Ф.
Relator term ред.
Relationship edt
710 2# - ADDED ENTRY--CORPORATE NAME
Corporate name or jurisdiction name as entry element Министерство здравоохранения РСФСР
710 2# - ADDED ENTRY--CORPORATE NAME
Corporate name or jurisdiction name as entry element Горьковский медицинский институт им. С.М. Кирова
Holdings
Withdrawn status Lost status Source of classification or shelving scheme Damaged status Not for loan Collection Home library Current library Date acquired Total checkouts Full call number Barcode Date last seen Price effective from Koha item type Public note
    Universal Decimal Classification     General Fundamental Scientific Library Fundamental Scientific Library 22/12/2016   PII/446770 FL0360431 22/12/2016 22/12/2016 Գրքեր / Books 30 Days Loan


ՀՀ ԳԱԱ հիմնարար գիտական գրադարան
ՀՀ,Երևան 0019
Մարշալ Բաղրամյան 24/6
հեռախոս:(374-10) 52-47-50
Հետադարձ կապ

All site content, except where otherwise noted, is licensed under a
Creative Commons License